[Event "15. Obert Int. Sant Martí 2013 - B"]
[Site "Barcelona ESP"]
[Date "2013.07.13"]
[Round "1.69"]
[White "Orts Gonzalez, Rafael"]
[Black "Tortosa Moros, Joan"]
[Result "0-1"]
[WhiteElo "1269"]
[BlackElo "1771"]
[PlyCount "80"]
[EventDate "2013.07.13"]
[EventType "swiss"]
[EventRounds "9"]
[EventCountry "ESP"]
[SourceTitle "Ajedrez en Madrid"]
[Source "lmi"]
[SourceDate "2013.07.13"]
[SourceVersion "1"]
[SourceVersionDate "2019.06.21"]
[SourceQuality "1"]

1. d4 Nf6 2. e3 e6 3. Be2 c5 4. Nf3 Nc6 5. Qd3 d5 6. c4 cxd4 7. cxd5 Qxd5 8.
exd4 Bb4+ 9. Bd2 Bxd2+ 10. Nbxd2 Bd7 11. Qc4 Rc8 12. Qxd5 Nxd5 13. O-O O-O 14.
Bb5 Nf4 15. Ne4 a6 16. Bxc6 Bxc6 17. Ned2 Bb5 18. Rfe1 Rc2 19. Re4 Ne2+ 20. Kh1
Rxb2 21. Re5 Nf4 22. Ne4 Nd3 23. Kg1 Nxe5 24. dxe5 Bc6 25. Nd6 Bxf3 26. gxf3 f6
27. Re1 Rd8 28. f4 fxe5 29. fxe5 Rf8 30. Rf1 b5 31. f4 g6 32. Kh1 Rxa2 33. Ne4
Rf5 34. Nf6+ Kg7 35. h4 Rxf6 36. exf6+ Kxf6 37. Rb1 Kf5 38. Rb4 Ra4 39. Rb3
Rxf4 40. Rg3 Rxh4+ 0-1

[Event "15. Obert Int. Sant Martí 2013 - B"]
[Site "Barcelona ESP"]
[Date "2013.07.13"]
[Round "1.70"]
[White "Pujal Moncho, Joaquim"]
[Black "Bernat Mor, Juli"]
[Result "1-0"]
[WhiteElo "1768"]
[BlackElo "1249"]
[PlyCount "99"]
[EventDate "2013.07.13"]
[EventType "swiss"]
[EventRounds "9"]
[EventCountry "ESP"]
[SourceTitle "Ajedrez en Madrid"]
[Source "lmi"]
[SourceDate "2013.07.13"]
[SourceVersion "1"]
[SourceVersionDate "2019.06.21"]
[SourceQuality "1"]

1. d4 f5 2. h3 Nf6 3. c4 g6 4. Nc3 c6 5. Nf3 d6 6. e3 Bg7 7. Be2 O-O 8. Bd2 Qe8
9. O-O h6 10. Qc2 Nbd7 11. Rfe1 Nb6 12. Rad1 Be6 13. b3 Rc8 14. Bd3 Kh7 15. Nh4
Rc7 16. g4 Bf7 17. gxf5 gxf5 18. Nxf5 Bg6 19. Nxg7 Kxg7 20. Bxg6 Qxg6+ 21.
Qxg6+ Kxg6 22. Kh2 Kf7 23. Rg1 Nbd7 24. Rg2 Rg8 25. Rxg8 Kxg8 26. Rg1+ Kf7 27.
e4 c5 28. dxc5 Ne5 29. cxd6 exd6 30. Kg2 Nc6 31. Bxh6 Re7 32. f3 Re8 33. Kf2
Rh8 34. Bf4 Rxh3 35. Bxd6 Nd4 36. Bg3 Nh5 37. Nd5 Nxg3 38. Rxg3 Rh2+ 39. Rg2
Rh1 40. Ke3 Ne6 41. Re2 Rf1 42. f4 Rh1 43. e5 Kg6 44. Rf2 Nf8 45. Ke4 Re1+ 46.
Ne3 a6 47. f5+ Kf7 48. Kf4 Nd7 49. e6+ Ke7 50. Nd5+ 1-0

[Event "15. Obert Int. Sant Martí 2013 - B"]
[Site "Barcelona ESP"]
[Date "2013.07.13"]
[Round "1.71"]
[White "Lopez Pujol, Hector"]
[Black "Rovira Ruiz, Enric"]
[Result "1-0"]
[WhiteElo "1885"]
[BlackElo "1765"]
[PlyCount "71"]
[EventDate "2013.07.13"]
[EventType "swiss"]
[EventRounds "9"]
[EventCountry "ESP"]
[SourceTitle "Ajedrez en Madrid"]
[Source "lmi"]
[SourceDate "2013.07.13"]
[SourceVersion "1"]
[SourceVersionDate "2019.06.21"]
[SourceQuality "1"]

1. d4 Nf6 2. Nf3 d5 3. e3 e6 4. c4 Be7 5. Nc3 b6 6. cxd5 exd5 7. Bd3 Bb7 8. O-O
O-O 9. Bd2 Nbd7 10. Rc1 c5 11. Bf5 g6 12. Bxd7 Nxd7 13. Re1 Nf6 14. Ne2 Ne4 15.
dxc5 Nxd2 16. Qxd2 bxc5 17. Red1 Qb6 18. Nc3 Rfd8 19. Qc2 Rac8 20. Na4 Qa5 21.
Ne5 d4 22. Nc4 Qa6 23. exd4 Bg5 24. Nxc5 Qc6 25. Ne3 Qe8 26. Qb3 Ba8 27. Rc3
Qe7 28. Qc2 Bf6 29. Nb3 Be4 30. Qd2 Rb8 31. Ng4 Bg7 32. Re3 Rxb3 33. Rxb3 Bxd4
34. Re1 f5 35. Nh6+ Kg7 36. Rg3 1-0

[Event "15. Obert Int. Sant Martí 2013 - B"]
[Site "Barcelona ESP"]
[Date "2013.07.14"]
[Round "2.1"]
[White "Catalan Escale, Enric"]
[Black "Benet Saniger, Xavier"]
[Result "1-0"]
[WhiteElo "1988"]
[BlackElo "1797"]
[PlyCount "47"]
[EventDate "2013.07.13"]
[EventType "swiss"]
[EventRounds "9"]
[EventCountry "ESP"]
[SourceTitle "Ajedrez en Madrid"]
[Source "lmi"]
[SourceDate "2013.07.13"]
[SourceVersion "1"]
[SourceVersionDate "2019.06.21"]
[SourceQuality "1"]

1. d4 d5 2. e3 Nf6 3. Bd3 Bg4 4. f3 Bh5 5. Ne2 Bg6 6. Nf4 Bxd3 7. Qxd3 e6 8.
Qb5+ Nbd7 9. Qxb7 Bd6 10. Nc3 O-O 11. Qa6 Qe7 12. O-O c5 13. dxc5 Nxc5 14. Qe2
e5 15. Nfxd5 Nxd5 16. Nxd5 Qe6 17. e4 f5 18. Bd2 Qg6 19. b4 Ne6 20. c4 Nd4 21.
Qd3 Rac8 22. c5 Rxc5 23. bxc5 Bxc5 24. Kh1 1-0

[Event "15. Obert Int. Sant Martí 2013 - B"]
[Site "Barcelona ESP"]
[Date "2013.07.14"]
[Round "2.2"]
[White "Fuentes Barrientos, Carlos"]
[Black "Walter Travella, German"]
[Result "0-1"]
[WhiteElo "1792"]
[BlackElo "1973"]
[PlyCount "68"]
[EventDate "2013.07.13"]
[EventType "swiss"]
[EventRounds "9"]
[EventCountry "ESP"]
[SourceTitle "Ajedrez en Madrid"]
[Source "lmi"]
[SourceDate "2013.07.13"]
[SourceVersion "1"]
[SourceVersionDate "2019.06.21"]
[SourceQuality "1"]

1. c4 Nf6 2. Nc3 e6 3. g3 c5 4. Bg2 Nc6 5. e4 Be7 6. Nge2 O-O 7. d4 cxd4 8.
Nxd4 Ne5 9. b3 Qa5 10. Bb2 d5 11. exd5 exd5 12. O-O dxc4 13. Re1 Bb4 14. Rxe5
Qxe5 15. Nf3 Qh5 16. Qd4 Bc5 17. Qf4 Re8 18. Nh4 cxb3 19. axb3 Ng4 20. Ne4 Rxe4
21. Qxe4 Bxf2+ 22. Kh1 Be6 23. Qxb7 Rd8 24. Qe7 Bb6 25. Bd4 Qb5 26. Rxa7 Qe2
27. Ra1 Nf2+ 28. Bxf2 Qd1+ 29. Rxd1 Rxd1+ 30. Bf1 Rxf1+ 31. Kg2 Rxf2+ 32. Kg1
g6 33. Qb7 Bh3 34. Qxb6 Rf1# 0-1

[Event "15. Obert Int. Sant Martí 2013 - B"]
[Site "Barcelona ESP"]
[Date "2013.07.14"]
[Round "2.3"]
[White "Aguilera Bonaque, Juan Carlos"]
[Black "Roche Peris, Eduard"]
[Result "1-0"]
[WhiteElo "1957"]
[BlackElo "1792"]
[PlyCount "39"]
[EventDate "2013.07.13"]
[EventType "swiss"]
[EventRounds "9"]
[EventCountry "ESP"]
[SourceTitle "Ajedrez en Madrid"]
[Source "lmi"]
[SourceDate "2013.07.13"]
[SourceVersion "1"]
[SourceVersionDate "2019.06.21"]
[SourceQuality "1"]

1. f4 e5 2. fxe5 d6 3. Nf3 dxe5 4. e4 Nf6 5. Bc4 Bc5 6. Qe2 Nc6 7. Bxf7+ Kxf7
8. Qc4+ Ke8 9. Qxc5 Nxe4 10. Qe3 Qd5 11. d3 Qa5+ 12. c3 Nf6 13. O-O Bg4 14.
Nbd2 Bxf3 15. Nxf3 Kd7 16. Qg5 Rag8 17. Qf5+ Kd8 18. Ng5 Qc5+ 19. d4 Qe7 20.
dxe5 1-0

[Event "15. Obert Int. Sant Martí 2013 - B"]
[Site "Barcelona ESP"]
[Date "2013.07.14"]
[Round "2.4"]
[White "Iglesias Garcia, Jorge"]
[Black "Salazar Navas, Josep"]
[Result "1-0"]
[WhiteElo "1956"]
[BlackElo "1789"]
[PlyCount "97"]
[EventDate "2013.07.13"]
[EventType "swiss"]
[EventRounds "9"]
[EventCountry "ESP"]
[SourceTitle "Ajedrez en Madrid"]
[Source "lmi"]
[SourceDate "2013.07.13"]
[SourceVersion "1"]
[SourceVersionDate "2019.06.21"]
[SourceQuality "1"]

1. d4 Nf6 2. Nf3 g6 3. c4 c5 4. d5 b5 5. cxb5 a6 6. bxa6 Bg7 7. Nc3 Bxa6 8. e4
Bxf1 9. Kxf1 d6 10. g3 O-O 11. Kg2 Nbd7 12. h3 Ra6 13. Qc2 Qa8 14. Re1 Rb8 15.
b3 Nb6 16. Bb2 Nfd7 17. Nd2 e6 18. dxe6 fxe6 19. f4 d5 20. e5 d4+ 21. Nce4 Nd5
22. a4 Ne3+ 23. Rxe3 dxe3 24. Nc4 Qd5 25. Rd1 Qb7 26. Kf3 Nb6 27. Ncd6 Qc6 28.
Qxc5 Nd5 29. Qxc6 Rxc6 30. Rd3 Bf8 31. Bd4 Nb4 32. Rxe3 Nc2 33. Nf6+ Kh8 34.
Nb5 Rxb5 35. Ke4 Nxd4 36. axb5 Nxb5 37. Rd3 Nc3+ 38. Kf3 Nb5 39. Rd8 Rc3+ 40.
Kg4 h5+ 41. Kh4 Kg7 42. Rd7+ Be7 43. Rxe7+ Kf8 44. Rd7 Rxb3 45. g4 hxg4 46.
Kxg4 Rb4 47. Kg5 Nc3 48. Kxg6 Rxf4 49. Rf7# 1-0

[Event "15. Obert Int. Sant Martí 2013 - B"]
[Site "Barcelona ESP"]
[Date "2013.07.14"]
[Round "2.5"]
[White "Perez Cuadrado, Eduardo"]
[Black "Perez Garcia, Jose Miguel"]
[Result "0-1"]
[WhiteElo "1783"]
[BlackElo "1950"]
[PlyCount "132"]
[EventDate "2013.07.13"]
[EventType "swiss"]
[EventRounds "9"]
[EventCountry "ESP"]
[SourceTitle "Ajedrez en Madrid"]
[Source "lmi"]
[SourceDate "2013.07.13"]
[SourceVersion "1"]
[SourceVersionDate "2019.06.21"]
[SourceQuality "1"]

1. e4 c6 2. d4 d5 3. exd5 cxd5 4. c4 Nf6 5. Nc3 Nc6 6. c5 e5 7. Bb5 exd4 8.
Qxd4 Be7 9. Nge2 O-O 10. Bxc6 bxc6 11. O-O Nd7 12. Qa4 Bb7 13. b4 a5 14. Be3
axb4 15. Qxb4 Ba6 16. Qg4 Nxc5 17. Rfd1 Ne6 18. Nf4 Nxf4 19. Bxf4 Bf6 20. Rac1
Re8 21. Qg3 Qe7 22. h3 Bc4 23. Bd6 Bh4 24. Bxe7 Bxg3 25. Bc5 Be5 26. a3 Bf4 27.
Rb1 Be5 28. Rbc1 h6 29. g3 g5 30. Bb4 Bf6 31. Bc5 Kg7 32. Kg2 Rab8 33. Bb4 Bb3
34. Rd2 Bc4 35. Bc5 Rb3 36. Bb4 c5 37. Bxc5 Rxc3 38. Rb1 Bf1+ 39. Kxf1 Rxc5 40.
Rb7 Ra8 41. Rd7 d4 42. Ra2 Rca5 43. Rc2 R8a7 44. Rxa7 Rxa7 45. Ra2 Ra4 46. Ke2
Be7 47. Kd3 Rxa3+ 48. Rxa3 Bxa3 49. Kxd4 Kf6 50. g4 Ke6 51. Ke4 Bd6 52. Kd4
Be5+ 53. Ke4 f6 54. f3 Bb8 55. Kd4 Ba7+ 56. Ke4 Bb8 57. Kd4 f5 58. Kd3 Ke5 59.
gxf5 Kxf5 60. Ke2 Ba7 61. Kf1 Kf4 62. Kg2 h5 63. h4 g4 64. fxg4 hxg4 65. Kf1
Kf3 66. h5 g3 0-1

[Event "15. Obert Int. Sant Martí 2013 - B"]
[Site "Barcelona ESP"]
[Date "2013.07.14"]
[Round "2.6"]
[White "Vargas Drechsler, Manuel"]
[Black "Pujal Moncho, Joaquim"]
[Result "1-0"]
[WhiteElo "1911"]
[BlackElo "1768"]
[PlyCount "89"]
[EventDate "2013.07.13"]
[EventType "swiss"]
[EventRounds "9"]
[EventCountry "ESP"]
[SourceTitle "Ajedrez en Madrid"]
[Source "lmi"]
[SourceDate "2013.07.13"]
[SourceVersion "1"]
[SourceVersionDate "2019.06.21"]
[SourceQuality "1"]

1. e4 d5 2. d4 dxe4 3. Nc3 Nf6 4. f3 exf3 5. Nxf3 Bg4 6. h3 Bxf3 7. Qxf3 c6 8.
Be3 e6 9. Bd3 Be7 10. O-O O-O 11. Rae1 Nbd7 12. Re2 Nd5 13. Nxd5 cxd5 14. Qg3
Kh8 15. c3 Nf6 16. Bc1 Qd6 17. Bf4 Qd8 18. Be5 Ne8 19. Bb1 Bd6 20. Qd3 f5 21.
Rfe1 Bxe5 22. Rxe5 Nc7 23. Qe2 Qh4 24. Bc2 Rf6 25. Ba4 b5 26. Bxb5 Nxb5 27.
Qxb5 Raf8 28. Rxe6 f4 29. Re8 f3 30. Rxf8+ Rxf8 31. Re8 f2+ 32. Kf1 Qf4 33.
Rxf8+ Qxf8 34. Qxd5 h6 35. Qf3 Qd6 36. Qxf2 Qa6+ 37. Kg1 Qxa2 38. Qe2 a5 39. c4
a4 40. d5 a3 41. Qe8+ Kh7 42. Qe4+ Kh8 43. bxa3 Qxa3 44. Qd4 Qg3 45. d6 1-0

[Event "15. Obert Int. Sant Martí 2013 - B"]
[Site "Barcelona ESP"]
[Date "2013.07.14"]
[Round "2.7"]
[White "Esteban Lupianez, Jose Miguel"]
[Black "Blesa Fernandez, Francisco"]
[Result "1-0"]
[WhiteElo "1788"]
[BlackElo "1951"]
[PlyCount "67"]
[EventDate "2013.07.13"]
[EventType "swiss"]
[EventRounds "9"]
[EventCountry "ESP"]
[SourceTitle "Ajedrez en Madrid"]
[Source "lmi"]
[SourceDate "2013.07.13"]
[SourceVersion "1"]
[SourceVersionDate "2019.06.21"]
[SourceQuality "1"]

1. e4 c5 2. Nf3 e6 3. d4 cxd4 4. Nxd4 Nc6 5. Nc3 Qc7 6. Ndb5 Qb8 7. a3 a6 8.
Nd4 Nf6 9. Be3 Qc7 10. Be2 b5 11. Bf3 Ne5 12. O-O Bb7 13. Re1 h5 14. g3 Bc5 15.
Nb3 Bxe3 16. Rxe3 Nc4 17. Re1 Nxb2 18. Qd4 e5 19. Nd5 Nxd5 20. exd5 Nc4 21. d6
Qb8 22. Bxb7 Qxb7 23. Nc5 Qc6 24. Rxe5+ Nxe5 25. Qxe5+ Kf8 26. Qe7+ Kg8 27.
Nxd7 Rh6 28. Ne5 Qe8 29. Rd1 Re6 30. Qxe8+ Raxe8 31. f4 Rd8 32. d7 f6 33. Ng6
Rc6 34. Ne7+ 1-0

[Event "15. Obert Int. Sant Martí 2013 - B"]
[Site "Barcelona ESP"]
[Date "2013.07.14"]
[Round "2.9"]
[White "Molano Lafuente, Ismael"]
[Black "Llopis Jordan, Lluis"]
[Result "1/2-1/2"]
[WhiteElo "1943"]
[BlackElo "1786"]
[PlyCount "60"]
[EventDate "2013.07.13"]
[EventType "swiss"]
[EventRounds "9"]
[EventCountry "ESP"]
[SourceTitle "Ajedrez en Madrid"]
[Source "lmi"]
[SourceDate "2013.07.13"]
[SourceVersion "1"]
[SourceVersionDate "2019.06.21"]
[SourceQuality "1"]

1. f4 d5 2. Nf3 Nf6 3. e3 e6 4. b3 c5 5. Bb2 Nc6 6. Bd3 Bd6 7. O-O Bd7 8. Ne5
Qc7 9. Nxc6 Bxc6 10. Nc3 O-O-O 11. Nb5 Bxb5 12. Bxb5 h5 13. Bxf6 gxf6 14. Be2
h4 15. Bf3 d4 16. Qe2 f5 17. Rad1 e5 18. fxe5 Bxe5 19. h3 Qd6 20. Qd3 Qg6 21.
Qb5 Qb6 22. Qxb6 axb6 23. Be2 dxe3 24. Rxf5 f6 25. dxe3 Rxd1+ 26. Bxd1 Rd8 27.
Be2 Rd2 28. Rf2 Kc7 29. Bd3 Rd1+ 30. Rf1 Rd2 1/2-1/2

[Event "15. Obert Int. Sant Martí 2013 - B"]
[Site "Barcelona ESP"]
[Date "2013.07.14"]
[Round "2.10"]
[White "Gonzalez Edo, David"]
[Black "Beaskoa Estany, Gabriel"]
[Result "1/2-1/2"]
[WhiteElo "1777"]
[BlackElo "1930"]
[PlyCount "129"]
[EventDate "2013.07.13"]
[EventType "swiss"]
[EventRounds "9"]
[EventCountry "ESP"]
[SourceTitle "Ajedrez en Madrid"]
[Source "lmi"]
[SourceDate "2013.07.13"]
[SourceVersion "1"]
[SourceVersionDate "2019.06.21"]
[SourceQuality "1"]

1. d4 d5 2. Bg5 Nf6 3. Bxf6 exf6 4. Nf3 Bd6 5. e3 Bg4 6. Be2 Nd7 7. O-O O-O 8.
c4 dxc4 9. Bxc4 c6 10. Nc3 Nb6 11. Be2 Re8 12. Rc1 Rc8 13. Re1 Bb8 14. Bf1 Qd6
15. g3 Qb4 16. b3 Rcd8 17. Bg2 Qd6 18. Qc2 Qe6 19. Nd2 Bd6 20. f3 Bh5 21. e4
Ba3 22. Rcd1 Qd7 23. Ne2 Bg6 24. Nc4 Bb4 25. Rf1 Qc7 26. Nf4 h6 27. Nxg6 fxg6
28. a3 Bf8 29. f4 Nxc4 30. Qxc4+ Kh8 31. a4 Qb6 32. Kh1 Re7 33. Rd3 Red7 34.
Rfd1 Qb4 35. Bh3 Qxc4 36. bxc4 f5 37. exf5 gxf5 38. Bxf5 Rd6 39. d5 cxd5 40.
Rxd5 Rxd5 41. cxd5 Bc5 42. Kg2 Kg8 43. Kf3 Kf7 44. Be6+ Kf6 45. Rc1 b6 46. h4
h5 47. Ke4 Re8 48. Kf3 Rd8 49. Re1 Bd4 50. Ke4 Bc5 51. Kd3 Bf2 52. Re5 Bxg3 53.
Rxh5 g6 54. Rh7 Rf8 55. Ke4 a5 56. Kf3 Be1 57. h5 gxh5 58. Rxh5 Kg7 59. d6 Bb4
60. d7 Bd6 61. Rf5 Bc7 62. Rxf8 Kxf8 63. Ke4 Ke7 64. f5 Kd6 65. Kd4 1/2-1/2

[Event "15. Obert Int. Sant Martí 2013 - B"]
[Site "Barcelona ESP"]
[Date "2013.07.14"]
[Round "2.11"]
[White "Delgado Lozano, Jose Manuel"]
[Black "Hernando Rodrigo, Lourdes"]
[Result "0-1"]
[WhiteElo "1927"]
[BlackElo "1777"]
[PlyCount "92"]
[EventDate "2013.07.13"]
[EventType "swiss"]
[EventRounds "9"]
[EventCountry "ESP"]
[SourceTitle "Ajedrez en Madrid"]
[Source "lmi"]
[SourceDate "2013.07.13"]
[SourceVersion "1"]
[SourceVersionDate "2019.06.21"]
[SourceQuality "1"]

1. d4 d5 2. Nf3 Nf6 3. c4 c6 4. Nc3 e6 5. Bg5 Nbd7 6. e3 Be7 7. Rc1 O-O 8. cxd5
exd5 9. Bd3 Re8 10. O-O Nf8 11. Ne5 N6d7 12. Nxd7 Bxd7 13. Bf4 Bf6 14. b4 Ne6
15. Bg3 Ng5 16. b5 Ne4 17. bxc6 Bxc6 18. Nxe4 dxe4 19. Bc4 Bd5 20. Qb3 Bxc4 21.
Rxc4 Rc8 22. Rfc1 Rxc4 23. Rxc4 Qa5 24. h3 h5 25. Rc7 Rf8 26. h4 Bxh4 27. Bd6
Qe1+ 28. Kh2 Qxf2 29. Rc2 Qe1 30. g3 Rd8 31. Bc7 Re8 32. Ba5 Qxg3+ 33. Kh1 Qf3+
34. Rg2 Qh3+ 35. Kg1 Rc8 36. Bd2 Qf5 37. d5 Qe5 38. Qxb7 Qa1+ 39. Kh2 Qe5+ 40.
Kh1 Rb8 41. Qa6 Rb1+ 42. Rg1 Rxg1+ 43. Kxg1 Qg3+ 44. Kh1 Qf3+ 45. Kg1 Bf2+ 46.
Kf1 Bxe3+ 0-1

[Event "15. Obert Int. Sant Martí 2013 - B"]
[Site "Barcelona ESP"]
[Date "2013.07.14"]
[Round "2.12"]
[White "Garrido Prats, Diego"]
[Black "Varela La Madrid, Maria"]
[Result "1-0"]
[WhiteElo "1776"]
[BlackElo "1927"]
[PlyCount "229"]
[EventDate "2013.07.13"]
[EventType "swiss"]
[EventRounds "9"]
[EventCountry "ESP"]
[SourceTitle "Ajedrez en Madrid"]
[Source "lmi"]
[SourceDate "2013.07.13"]
[SourceVersion "1"]
[SourceVersionDate "2019.06.21"]
[SourceQuality "1"]

1. c4 Nf6 2. g3 e6 3. Bg2 d5 4. cxd5 exd5 5. Nf3 Bd6 6. d3 O-O 7. O-O Bg4 8.
Nbd2 Re8 9. a3 Nbd7 10. Re1 c6 11. Rb1 Qc7 12. b3 Re7 13. Bb2 Rae8 14. Rc1 Ne5
15. Qc2 Qd7 16. Nxe5 Bxe5 17. Nf3 Bxb2 18. Qxb2 Bh3 19. Bh1 Qg4 20. Rc2 Qh5 21.
Qd4 Bf5 22. Rd2 b6 23. Qf4 h6 24. Nd4 Bd7 25. Nf3 Bf5 26. Nh4 Bd7 27. Bf3 Qg5
28. Ng2 Qxf4 29. Nxf4 g5 30. Nh5 Nxh5 31. Bxh5 d4 32. Bf3 g4 33. Bg2 Re5 34.
Rc2 R8e6 35. f4 gxf3 36. Bxf3 Rg6 37. Kf2 Ra5 38. Ra1 Rf6 39. Rc4 Rd5 40. Kg2
Rdd6 41. b4 Kf8 42. a4 Rg6 43. b5 cxb5 44. axb5 Bxb5 45. Rc8+ Kg7 46. Rxa7 Bc6
47. Bxc6 Rxc6 48. Rxc6 Rxc6 49. Ra4 Rd6 50. Rb4 f5 51. Kf3 Kf6 52. h3 Ke7 53.
Rb5 Kd7 54. Rxf5 Kc6 55. e4 dxe3 56. Kxe3 b5 57. d4 b4 58. Kd3 b3 59. Rc5+ Kb6
60. Rc3 Rg6 61. Rxb3+ Kc6 62. Ke4 Rg5 63. Rf3 h5 64. Rf6+ Kd7 65. Rf3 Ke6 66.
Re3 Kf6 67. d5 Rg8 68. Kd4 Ra8 69. Kc5 Ra5+ 70. Kc6 Ra1 71. d6 Rc1+ 72. Kd7 h4
73. g4 Kg5 74. Rf3 Rd1 75. Kd8 Rxd6+ 76. Ke7 Ra6 77. Rf5+ Kg6 78. Rh5 Ra7+ 79.
Kd6 Ra6+ 80. Kc7 Ra7+ 81. Kb6 Ra3 82. Rxh4 Rc3 83. Rh5 Rc2 84. Rc5 Rg2 85. Rc3
Kg5 86. Kc5 Rd2 87. Kc4 Rd7 88. Kb3 Kh4 89. Kc2 Rd5 90. Rd3 Ra5 91. Kc3 Kg5 92.
Kd2 Kf4 93. Ke2 Ra2+ 94. Rd2 Ra3 95. Rd4+ Ke5 96. Rd3 Ra2+ 97. Kf3 Ra4 98. Kg3
Kf6 99. Rd5 Ra3+ 100. Kh4 Rb3 101. Rd6+ Ke7 102. Rh6 Kf7 103. g5 Rb4+ 104. Kh5
Rb3 105. Rf6+ Kg7 106. h4 Rg3 107. Rb6 Rh3 108. Rb7+ Kf8 109. Kg4 Rc3 110. Kf5
Rc4 111. h5 Rc5+ 112. Kg6 Rc6+ 113. Kh7 Rc5 114. Rg7 Rc6 115. h6 1-0

[Event "15. Obert Int. Sant Martí 2013 - B"]
[Site "Barcelona ESP"]
[Date "2013.07.14"]
[Round "2.13"]
[White "Moreno Perez, Norberto"]
[Black "Alquezar Calpena, Marc"]
[Result "1-0"]
[WhiteElo "1920"]
[BlackElo "1775"]
[PlyCount "59"]
[EventDate "2013.07.13"]
[EventType "swiss"]
[EventRounds "9"]
[EventCountry "ESP"]
[SourceTitle "Ajedrez en Madrid"]
[Source "lmi"]
[SourceDate "2013.07.13"]
[SourceVersion "1"]
[SourceVersionDate "2019.06.21"]
[SourceQuality "1"]

1. e4 e5 2. Nf3 Nf6 3. d3 d6 4. Be2 Be7 5. h3 h6 6. Be3 Nc6 7. c3 Be6 8. d4
exd4 9. cxd4 d5 10. e5 Ne4 11. O-O O-O 12. Nbd2 Bf5 13. Rc1 f6 14. Nxe4 Bxe4
15. Nd2 Bf5 16. f4 fxe5 17. fxe5 Bg5 18. Bf2 Bg6 19. Rc5 Rxf2 20. Rxf2 Be3 21.
Rxd5 Qh4 22. Qe1 Rf8 23. Nf3 Qg3 24. Rd7 Kh8 25. Bd1 Rxf3 26. Bxf3 Bf4 27. Be4
Qh2+ 28. Kf1 Bh5 29. Rxf4 Qxf4+ 30. Kg1 1-0

[Event "15. Obert Int. Sant Martí 2013 - B"]
[Site "Barcelona ESP"]
[Date "2013.07.14"]
[Round "2.14"]
[White "Tortosa Moros, Joan"]
[Black "Diaz Nieto, Alberto"]
[Result "1-0"]
[WhiteElo "1771"]
[BlackElo "1918"]
[PlyCount "111"]
[EventDate "2013.07.13"]
[EventType "swiss"]
[EventRounds "9"]
[EventCountry "ESP"]
[SourceTitle "Ajedrez en Madrid"]
[Source "lmi"]
[SourceDate "2013.07.13"]
[SourceVersion "1"]
[SourceVersionDate "2019.06.21"]
[SourceQuality "1"]

1. e4 d5 2. exd5 Qxd5 3. Nc3 Qa5 4. d4 Nf6 5. Bd2 Qb6 6. Nf3 Bg4 7. h3 Bh5 8.
Be2 c6 9. Na4 Qc7 10. Ne5 Bxe2 11. Qxe2 e6 12. O-O Bd6 13. f4 O-O 14. c4 Nbd7
15. b4 Rad8 16. Rab1 Rfe8 17. Rb3 Bf8 18. g4 g6 19. h4 Bg7 20. h5 Nf8 21. hxg6
fxg6 22. g5 Nh5 23. Qf2 Bxe5 24. fxe5 Ng7 25. Rf3 Nf5 26. Be3 Qe7 27. a3 a5 28.
Nc5 axb4 29. axb4 Ra8 30. Ne4 Red8 31. b5 Ra3 32. bxc6 bxc6 33. Nf6+ Kh8 34.
Ne4 Rda8 35. c5 Ra2 36. Qe1 R8a3 37. Nd6 Ra1 38. Qf2 Rxf1+ 39. Qxf1 Rxe3 40.
Nxf5 Qxg5+ 41. Ng3 Rxf3 42. Qxf3 Kg7 43. Kg2 h5 44. Kf2 h4 45. Ne4 Qf5 46. Nf6
Kf7 47. Kg2 Qxf3+ 48. Kxf3 g5 49. Kg4 Kg6 50. Ne4 Nh7 51. Nf2 Kh6 52. Nd3 Kg6
53. Nb4 h3 54. Kxh3 Kf5 55. Nxc6 Nf8 56. Ne7+ 1-0

[Event "15. Obert Int. Sant Martí 2013 - B"]
[Site "Barcelona ESP"]
[Date "2013.07.14"]
[Round "2.15"]
[White "Torras Chicon, Adria"]
[Black "Navarro Gutierrez, Andres Camilo"]
[Result "1-0"]
[WhiteElo "1753"]
[BlackElo "1909"]
[PlyCount "23"]
[EventDate "2013.07.13"]
[EventType "swiss"]
[EventRounds "9"]
[EventCountry "ESP"]
[SourceTitle "Ajedrez en Madrid"]
[Source "lmi"]
[SourceDate "2013.07.13"]
[SourceVersion "1"]
[SourceVersionDate "2019.06.21"]
[SourceQuality "1"]

1. d4 d5 2. Nf3 Nf6 3. e3 Bf5 4. Bd3 Bxd3 5. cxd3 e6 6. Nc3 Nbd7 7. e4 c5 8.
dxc5 dxe4 9. dxe4 Nxc5 10. O-O Ncxe4 11. Nxe4 Qxd1 12. Nxf6+ 1-0

[Event "15. Obert Int. Sant Martí 2013 - B"]
[Site "Barcelona ESP"]
[Date "2013.07.14"]
[Round "2.16"]
[White "Santiago Llanes, Jose Juan"]
[Black "Torres Maiquez, Sergio"]
[Result "1-0"]
[WhiteElo "1741"]
[BlackElo "1908"]
[PlyCount "63"]
[EventDate "2013.07.13"]
[EventType "swiss"]
[EventRounds "9"]
[EventCountry "ESP"]
[SourceTitle "Ajedrez en Madrid"]
[Source "lmi"]
[SourceDate "2013.07.13"]
[SourceVersion "1"]
[SourceVersionDate "2019.06.21"]
[SourceQuality "1"]

1. d4 Nf6 2. Bf4 d5 3. e3 c5 4. c3 Nc6 5. Nd2 Bf5 6. Ngf3 e6 7. Be2 Be7 8. h3
O-O 9. Ne5 Nxe5 10. dxe5 Nd7 11. Nf3 f6 12. O-O fxe5 13. Nxe5 Nxe5 14. Bxe5 Bd6
15. Bxd6 Qxd6 16. Bf3 Rad8 17. Re1 Qe7 18. Qe2 Bg6 19. c4 Rf6 20. Rad1 Bf7 21.
Qd2 d4 22. exd4 cxd4 23. Qd3 e5 24. Be4 g6 25. b3 Be6 26. Qe2 Kf8 27. Bd3 Qf7
28. Qxe5 Bf5 29. Bxf5 gxf5 30. Rxd4 Rxd4 31. Qxd4 f4 32. Qd8+ 1-0

[Event "15. Obert Int. Sant Martí 2013 - B"]
[Site "Barcelona ESP"]
[Date "2013.07.14"]
[Round "2.17"]
[White "Alvarez Serrano, Carlos"]
[Black "Delgado Lozano, Ignacio Maria"]
[Result "1/2-1/2"]
[WhiteElo "1894"]
[BlackElo "1765"]
[PlyCount "59"]
[EventDate "2013.07.13"]
[EventType "swiss"]
[EventRounds "9"]
[EventCountry "ESP"]
[SourceTitle "Ajedrez en Madrid"]
[Source "lmi"]
[SourceDate "2013.07.13"]
[SourceVersion "1"]
[SourceVersionDate "2019.06.21"]
[SourceQuality "1"]

1. e4 c6 2. Nc3 d5 3. Nf3 Bg4 4. h3 Bh5 5. exd5 cxd5 6. Bb5+ Nc6 7. O-O e6 8.
d4 Bd6 9. Re1 Nge7 10. Bg5 Qc7 11. Be2 a6 12. a4 O-O 13. g4 Bg6 14. Nh4 Bf4 15.
Bxe7 Nxe7 16. Bd3 Rac8 17. Ng2 Bd6 18. Re2 Qb6 19. Bxg6 hxg6 20. Ra2 Nc6 21.
Rd2 Na5 22. Rd3 Rc7 23. Ne3 Nc6 24. Ncxd5 exd5 25. Nxd5 Qa5 26. Nxc7 Nb4 27.
Ne6 fxe6 28. Qe2 Nxa2 29. Qxe6+ Kh7 30. c3 1/2-1/2